Über die Ursachen rachitischer Residuen am Skelettsystem nach dem 1. Lebensjahr : Untersuchgn an 346 Berliner Kindern /

Hlavní autor: Vossoughian, Ahad
Korporativní autor: Freie Universität Berlin
Jazyk: Němčina
Vydáno: Berlin : Ahad Vossoughian, 1958
Fyzický popis: 25 stran
Knihy
Uloženo v:
LEADER 00891nam a22002532i 4500
001 001592168
003 CZ BrMZK
005 20170830134620.0
007 ta
008 170830s1958 gw er|||||||||||ger d
040 |a BOA001  |b cze  |e rda 
100 1 |a Vossoughian, Ahad  |4 dis 
245 1 0 |a Über die Ursachen rachitischer Residuen am Skelettsystem nach dem 1. Lebensjahr : Untersuchgn an 346 Berliner Kindern /  |c Ahad Vossoughian 
264 1 |a Berlin :  |b Ahad Vossoughian,  |c 1958 
300 |a 25 stran 
336 |a text  |b txt  |2 rdacontent 
337 |a bez média  |b n  |2 rdamedia 
338 |a svazek  |b nc  |2 rdacarrier 
502 |a Disertace--Freie Universität Berlin, 1958 
710 2 |a Freie Universität Berlin  |7 kn20010710196  |4 isb 
910 |a BOA001  |b X-0654.205 
990 |a BK 
991 |b 201708 
996 7 |b 2618912879  |c X-0654.205  |l MZK  |r Sklad / do 24 hodin  |n 0  |w 001627519  |u 000010  |a 1  |e BOA001  |j MZK50  |s A